000 00688nam a22002657a 4500
003 UA-OsUOA
001 26484
007 ta
008 20040603b un ||||| |||| 00| 0 ukr d
100 _aКильчевский Н.А.
700 _aРемизова Н.И.
700 _aШепелевская Н.Н.
090 _a53(075.8)
_bК39
942 _cBK
040 _aUA-OsUOA
_brus
_cUA-OsUOA
_dUA-OsUOA
245 _aОсновы теоретической механики
300 _a261 с.
955 _a0
041 _arus
080 _a53(075.8)
260 _aНижний Новгород
_bТехника
_c1968
044 _aRU
650 7 _2UDC
999 _c312809
_d312809